banner-ar

WAST WATER ENGINEERING TREATMENT DISPOSAL AND REUSE / (Record no. 10632)

MARC details
000 -الفاتح
حقل البيانات ثابتة الطول 00542nam a2200193Ia 4500
008 - عناصر البيانات ثابتة الطول - معلومات عامة
حقل البيانات ثابتة الطول 140319s9999 xx 000 0 eng d
040 ## - مصدر الفهرسة
وكالة الفهرسة الأصلية GCL /
وكالة النسخ GCL
082 04 - رقم تصنيف ديوى العشرى
رقم التصنيف 628.2
رقم المادة M W
100 1# - المدخل الرئيسى - إسم شخصى
الإسم الشخصى GEORGE, TCHOBONOGLOUS
245 10 - بيان العنوان
العنوان WAST WATER ENGINEERING TREATMENT DISPOSAL AND REUSE /
بيان المسئوليه,etc GEORGE, TCHOBONOGLOUS
700 1# - المدخل الاضافى - اسم شخصى
الإسم الشخصى METCALF, EDDY INC
260 ## - PUBLICATION, DISTRIBUTION, ETC. (IMPRINT)
تاريخ النشر أو التوزيع 1995
300 ## - الوصف المادى
التعداد 132 P
650 04 - المدخل الاضافى بالموضوع-مصطلح موضوعى
مصطلح موضوعي SEWERAGE
650 04 - المدخل الاضافى بالموضوع-مصطلح موضوعى
مصطلح موضوعي SEWAGE DISPOSAL
650 04 - المدخل الاضافى بالموضوع-مصطلح موضوعى
مصطلح موضوعي WASTE WATER
942 ## - عناصر المدخل الإضافي( كوها)
مصدر التصنيف او مخطط الترفيف Dewey Decimal Classification
Koha [default] item type كتاب
260 ## - PUBLICATION, DISTRIBUTION, ETC. (IMPRINT)
-- [S.N] :
-- TATA MCGRAW - HILL PUBLISHING ،
Holdings
حالة التراجع حالة الفقد حالة تلف ليس للاعارة المكان المؤقت الموقع الحالى تاريخ الاكتساب اجمالي اﻻعارات رقم الطلب الباركود تاريخ اخر مشاهدة تاريخ تفعيل السعر نوع وعاء كوها
        مكتبة القاهرة الكبرى مكتبة القاهرة الكبرى 03/26/2014   628.2\M W 21441 03/26/2014 03/26/2014 كتاب

Powered By

EGPV